Southville International School and Colleges
Your cart is empty.
  • Cart
  • Lists
    Public lists Eva Luna New books Lux_list list_1
    Your lists Log in to create your own lists
  • Log in to your account
  • Your cookies
  • Search history
Southville International School and Colleges
  • Advanced search
  • Recent comments
  • Most popular
  • Libraries

Log in to your account

Log in with GOOGLE


If you do not have an external account, but do have a local account, you can still log in:

  1. Home
  2. MARC view: Getting through to adults /
Normal view MARC view ISBD view

Getting through to adults / (Record no. 8770)

[ view plain ]
MARC details
000 -LEADER
fixed length control field 00813nam a2200277 i 4500
001 - CONTROL NUMBER
control field 1338316
003 - CONTROL NUMBER IDENTIFIER
control field OSt
005 - DATE AND TIME OF LATEST TRANSACTION
control field 20140310182039.0
008 - FIXED-LENGTH DATA ELEMENTS--GENERAL INFORMATION
fixed length control field 800331s1980 cou 001 0 eng
010 ## - LIBRARY OF CONGRESS CONTROL NUMBER
LC control number 79053294
020 ## - INTERNATIONAL STANDARD BOOK NUMBER
International Standard Book Number 0896360377 :
Terms of availability $3.95
040 ## - CATALOGING SOURCE
Original cataloging agency DLC
Transcribing agency DLC
Modifying agency DLC
050 00 - LIBRARY OF CONGRESS CALL NUMBER
Classification number BV 1488
Item number .D996 1980
082 00 - DEWEY DECIMAL CLASSIFICATION NUMBER
Classification number HS 220.07
Item number Dy98 1980
100 1# - MAIN ENTRY--PERSONAL NAME
Personal name Dyet, James T.
9 (RLIN) 11070
245 10 - TITLE STATEMENT
Title Getting through to adults /
Statement of responsibility, etc James T. Dyet.
260 ## - PUBLICATION, DISTRIBUTION, ETC. (IMPRINT)
Place of publication, distribution, etc Denver, Colo. :
Name of publisher, distributor, etc Accent Books,
Date of publication, distribution, etc c1980.
300 ## - PHYSICAL DESCRIPTION
Extent 160 p. ;
Dimensions 19 cm.
440 #0 - SERIES STATEMENT/ADDED ENTRY--TITLE
Title Accent teacher training series
9 (RLIN) 11071
600 ## - SUBJECT ADDED ENTRY--PERSONAL NAME
Personal name James T. Dyet
9 (RLIN) 11072
650 #0 - SUBJECT ADDED ENTRY--TOPICAL TERM
Topical term or geographic name as entry element 1. Bible study
9 (RLIN) 11073
650 #0 - SUBJECT ADDED ENTRY--TOPICAL TERM
Topical term or geographic name as entry element Sunday schools
General subdivision Teaching methods.
9 (RLIN) 11074
906 ## - LOCAL DATA ELEMENT F, LDF (RLIN)
a 7
b cbc
c orignew
d 2
e ocip
f 19
g y-gencatlg
942 ## - ADDED ENTRY ELEMENTS (KOHA)
Source of classification or shelving scheme Library of Congress Classification
Holdings
Withdrawn status Lost status Source of classification or shelving scheme Damaged status Home library Current library Shelving location Date acquired Total Checkouts Full call number Barcode Date last seen Copy number Price effective from Koha item type Public note
    Library of Congress Classification   Luxembourg Library Luxembourg Library High School Section 08/15/2013   BV 1488 .D996 1980 1643 02/02/2016 1 08/15/2013 Books mtk ok

Getting through to adults /

APA

Dyet J. T., . (1980). Getting through to adults. Denver, Colo: Accent Books.

Chicago

Dyet James T, . 1980. Getting through to adults. Denver, Colo: Accent Books.

Harvard

Dyet J. T., . (1980). Getting through to adults. Denver, Colo: Accent Books.

MLA

Dyet James T, . Getting through to adults. Denver, Colo: Accent Books. 1980.

  • Place hold
  • Print
  • Cite
  • Add to your cart (remove)
  • Save record
    BIBTEX Dublin Core MARCXML MARC (non-Unicode/MARC-8) MARC (Unicode/UTF-8) MARC (Unicode/UTF-8, Standard) MODS (XML) RIS
  • More searches
    Search for this title in:
    Other Libraries (WorldCat) Other Databases (Google Scholar) Online Stores (Bookfinder.com) Open Library (openlibrary.org)

Exporting to Dublin Core...

SOUTHVILLE LIBRARY

Southville International School and Colleges Library

1281 Tropical Ave. Cor. Luxembourg St., BF Homes International, Las Pinas City

Tel. No. 8256374 / 252358 Loc. 117/146

Powered by Koha